Utilization, Impacts and Power of Behavioral Effects on a Slovak Online Customer
Salvato in:
| Autore principale: | |
|---|---|
| Altri autori: | |
| Natura: | Capitolo di libro |
| Lingua: | inglese |
| Soggetti: | |
| Tags: |
Nessun Tag, puoi essere il primo ad aggiungerne!!
|
MARC
| LEADER | 00000naa$a2200000$$$4500 | ||
|---|---|---|---|
| 001 | 0279044 | ||
| 005 | 20240502083847.1 | ||
| 041 | 0 | |a eng | |
| 044 | |a CZ | ||
| 245 | 1 | 0 | |a Utilization, Impacts and Power of Behavioral Effects on a Slovak Online Customer |c Kornélia Beličková, Miroslava Skýpalová |
| 500 | |a Abstrakt | ||
| 610 | 2 | 0 | |a ekonómia behaviorálna |
| 610 | 2 | 0 | |a zákazníci |
| 610 | 2 | 0 | |a správanie spotrebiteľa |
| 610 | 2 | 0 | |a nákup elektronický |
| 100 | 1 | |a Beličková, Kornélia, 1966- | |
| 700 | 1 | |a Skýpalová, Miroslava, 1990- | |